LEADER 01005nam a22002775i 4500 001 991002155779707536 007 cr nn 008mamaa 008 121227s1970 gw | s |||| 0|eng d 020 $a9783540362340 035 $ab1412998x-39ule_inst 040 $aBibl. Dip.le Aggr. Matematica e Fisica - Sez. Matematica$beng 082 04$a510$223 100 1 $aJacquet, H.$0441330 245 10$aAutomorphic forms on GL (2)$h[e-book] /$cby H. Jacquet, R. P. Langlands 260 $aBerlin :$bSpringer,$c1970 300 $a1 online resource (x, 554 p.) 440 0$aLecture Notes in Mathematics,$x0075-8434 ;$v114 650 0$aMathematics 700 1 $aLanglands, R. P. 773 0 $aSpringer eBooks 856 40$uhttp://dx.doi.org/10.1007/BFb0058988$zAn electronic book accessible through the World Wide Web 907 $a.b1412998x$b03-03-22$c05-09-13 912 $a991002155779707536 996 $aAutomorphic forms on GL (2$9262905 997 $aUNISALENTO 998 $ale013$b05-09-13$cm$d@ $e-$feng$ggw $h0$i0